| 000 | 00800nam a2200193Ia 4500 | ||
|---|---|---|---|
| 003 | GCL | ||
| 008 | 140319s9999 xx 000 0 ara d | ||
| 040 |
_aGCL / _cGCL |
||
| 082 | 0 | 4 |
_a894.35 _bر م |
| 100 | 1 | _aمحمد حرب(تقديم وترجمة) | |
| 245 | 1 | 0 |
_aايها الشهداء انا قادمون: مسرحية تركية تعبر عن معاناه المسلمين الاتراك فى ملغاريا والظلم الذى يتعرضون له وامالهم فى الخلاص / _cمحمد حرب(تقديم وترجمة) |
| 700 | 1 | _aرفرى اوز جليك | |
| 300 | _a159 | ||
| 490 |
_a100 قصة _v0 |
||
| 650 | 0 | 4 | _aالادب التركى |
| 650 | 0 | 4 | _aالادب التركى المترجم |
| 650 | 0 | 4 | _aالمسرحيات التركية المترجمة |
| 942 |
_2ddc _cBK |
||
| 999 |
_c46688 _d46688 |
||